000 00293nam a2200121Ia 4500
005 20251222155119.0
008 251222s9999||||xx |||||||||||||| ||spa||
082 _aESC. 15
100 _aTORRES, Laura.
245 0 _aGrupo Técnico Responsable Elaboración M.
264 _bMINSA
942 _cLIB
999 _c38370
_d38370